Keutamaan ekonomi dan tunggak perjuangan masa kini

Bibliographic Details
Main Author: Mohamed Noordin Sopiee
Format: Book
Published: Kuala Lumpur : ISIS
Subjects:

MARC

LEADER 00000cam a2200000 7i4500
001 0000001169
005 20200817.0
020 |a 9677470601 
040 |a INS 
090 0 0 |a HD85.M3   |b M63 
100 1 |a Mohamed Noordin Sopiee 
245 1 0 |a Keutamaan ekonomi dan tunggak perjuangan masa kini   |c Mohamed Noordin Sopiee 
260 |a Kuala Lumpur :   |b ISIS 
300 |a 12p ;   |c 20cm. 
650 0 0 |a Economics 
999 |a 0000003430   |b BOOK   |c Open Shelf   |e Default branch